The Memoirs of Field-Marshal the Viscount Montgomery of Alamein, K.G. (Record no. 13017)
[ view plain ]
| 000 -LEADER | |
|---|---|
| fixed length control field | 01214aam a2200325 i 4500 |
| 001 - CONTROL NUMBER | |
| control field | 3278038 |
| 003 - CONTROL NUMBER IDENTIFIER | |
| control field | EG-ScBUE |
| 005 - DATE AND TIME OF LATEST TRANSACTION | |
| control field | 20240328115841.0 |
| 008 - FIXED-LENGTH DATA ELEMENTS--GENERAL INFORMATION | |
| fixed length control field | 820511t1958 ohua f 001 0aengaeng d |
| 020 ## - INTERNATIONAL STANDARD BOOK NUMBER | |
| International Standard Book Number | 0306801736 (pbk.) |
| 040 ## - CATALOGING SOURCE | |
| Original cataloging agency | DLC |
| Language of cataloging | eng |
| Description conventions | rda |
| Transcribing agency | DLC |
| Modifying agency | DLC |
| -- | EG-ScBUE |
| 043 ## - GEOGRAPHIC AREA CODE | |
| Geographic area code | e-uk--- |
| 082 04 - DEWEY DECIMAL CLASSIFICATION NUMBER | |
| Classification number | 941.0820924 |
| Edition number | 22 |
| Item number | MON |
| 100 2# - MAIN ENTRY--PERSONAL NAME | |
| Personal name | Montgomery of Alamein, Bernard Law Montgomery, |
| Titles and other words associated with a name | Viscount, |
| Dates associated with a name | 1887-1976, |
| Relator term | author. |
| 9 (RLIN) | 9807 |
| 245 14 - TITLE STATEMENT | |
| Title | The Memoirs of Field-Marshal the Viscount Montgomery of Alamein, K.G. |
| 264 #1 - PUBLICATION, DISTRIBUTION, ETC. (IMPRINT) | |
| Place of publication, distribution, etc | Clevelad, Ohio : |
| Name of publisher, distributor, etc | The World publishing Company, |
| Date of publication, distribution, etc | [1958] |
| 264 #4 - PUBLICATION, DISTRIBUTION, ETC. (IMPRINT) | |
| Date of publication, distribution, etc | c1958 |
| 300 ## - PHYSICAL DESCRIPTION | |
| Extent | 508 pages, [40] pages of plates : |
| Other physical details | illustrations ; |
| Dimensions | 21 cm |
| 336 ## - CONTENT TYPE | |
| Source | rdacontent |
| Content type term | text |
| Content type code | txt |
| 337 ## - MEDIA TYPE | |
| Media type term | unmediated |
| Source | rdamedia |
| Media type code | n |
| 338 ## - CARRIER TYPE | |
| Carrier type term | volume |
| Carrier type code | nc |
| Source | rdacarrier |
| 500 ## - GENERAL NOTE | |
| General note | Includes index. |
| 600 27 - SUBJECT ADDED ENTRY--PERSONAL NAME | |
| Personal name | Montgomery of Alamein, Bernard Law Montgomery, |
| Titles and other words associated with a name | Viscount, |
| Dates associated with a name | 1887-1976. |
| Source of heading or term | BUEsh |
| 9 (RLIN) | 9808 |
| 610 17 - SUBJECT ADDED ENTRY--CORPORATE NAME | |
| Corporate name or jurisdiction name as entry element | Great Britain. |
| Subordinate unit | Army |
| General subdivision | Biography. |
| Source of heading or term | BUEsh |
| 9 (RLIN) | 9809 |
| 650 #7 - SUBJECT ADDED ENTRY--TOPICAL TERM | |
| Topical term or geographic name as entry element | World War, 1939-1945 |
| General subdivision | Campaigns. |
| Source of heading or term | BUEsh |
| 9 (RLIN) | 9810 |
| 650 #7 - SUBJECT ADDED ENTRY--TOPICAL TERM | |
| Topical term or geographic name as entry element | Marshals |
| Geographic subdivision | Great Britain |
| General subdivision | Biography. |
| Source of heading or term | BUEsh |
| 9 (RLIN) | 9811 |
| 655 ## - INDEX TERM--GENRE/FORM | |
| Form subdivision | Reading book |
| 942 ## - ADDED ENTRY ELEMENTS (KOHA) | |
| Source of classification or shelving scheme | Dewey Decimal Classification |
| Koha item type | Book - Borrowing |
| Withdrawn status | Lost status | Source of classification or shelving scheme | Damaged status | Not for loan | Collection code | Home library | Current library | Shelving location | Date acquired | Source of acquisition | Total Checkouts | Full call number | Barcode | Date last seen | Price effective from | Koha item type |
|---|---|---|---|---|---|---|---|---|---|---|---|---|---|---|---|---|
| Dewey Decimal Classification | Donation-Gift | Central Library | Central Library | Second Floor | 09/12/2009 | Donation | 941.0820924 MON | 000018783 | 15/07/2025 | 09/12/2009 | Book - Borrowing |